| 000 | 01318nam a2200349Ia 4500 | ||
|---|---|---|---|
| 001 | ebr10586884 | ||
| 003 | CaPaEBR | ||
| 006 | m u | ||
| 007 | cr cn||||||||| | ||
| 008 | 020328s2002 gw a sb 001 0 eng d | ||
| 010 | _z 2002020323 | ||
| 020 | _z1588901165 (TNY) | ||
| 020 | _z313130071X (GTV) | ||
| 020 | _z9781588901163 | ||
| 020 | _z9783131605917 | ||
| 040 |
_aCaPaEBR _cCaPaEBR |
||
| 035 | _a(OCoLC)831684709 | ||
| 050 | 1 | 4 |
_aRB150.C6 _bP67 2002eb |
| 082 | 0 | 4 |
_a616.8/49 _221 |
| 245 | 0 | 4 |
_aThe post-traumatic vegetative state _h[electronic resource] / _c[edited by] Giuliano Dolce, Leon Sazbon ; with contributions by M. Gil ... [et al.]. |
| 260 |
_aStuttgart ; _aNew York : _bThieme, _cc2002. |
||
| 300 |
_ax, 158 p. : _bill. |
||
| 504 | _aIncludes bibliographical references and index. | ||
| 533 |
_aElectronic reproduction. _bPalo Alto, Calif. : _cebrary, _d2011. _nAvailable via World Wide Web. _nAccess may be limited to ebrary affiliated libraries. |
||
| 650 | 0 | _aPersistent vegetative state. | |
| 650 | 0 | _aComa. | |
| 655 | 7 |
_aElectronic books. _2local |
|
| 700 | 1 | _aDolce, Giuliano. | |
| 700 | 1 | _aSazbon, Leon. | |
| 710 | 2 | _aebrary, Inc. | |
| 856 | 4 | 0 |
_uhttp://site.ebrary.com/lib/rucke/Doc?id=10586884 _zAn electronic book accessible through the World Wide Web; click to view |
| 999 |
_c107335 _d107335 |
||